MARC

LEADER 00000nam0a2200000 4500
001 170527
005 20231031163719.0
010 |a 5120093809 
035 |a (RuTPU)RU\TPU\book\184932 
090 |a 170527 
100 |a 20091124d1988 k y0rusy50 ca 
101 0 |a rus 
102 |a UA 
105 |a a z 001zy 
200 1 |a Электрошлаковая тигельная плавка и разливка металла  |f Академия наук Украинской ССР (АН УССР), Институт электросварки им. Е. О. Патона (ИЭС); под ред. Б. Е. Платона; Б. И. Медовара 
210 |a Киев  |c Наукова думка  |d 1988 
215 |a 216 с.  |c ил. 
320 |a Библиогр.: с. 207-213. 
610 1 |a электрошлаковая плавка 
610 1 |a металл 
610 1 |a шлаки 
610 1 |a электрометаллургия 
610 1 |a металлургические процессы 
610 1 |a литейные технологии 
610 1 |a заготовки 
610 1 |a оборудование 
610 1 |a разливка 
610 1 |a качество 
675 |a 669.187.2  |v 3 
702 1 |a Платон  |b Б. Е.  |g Борис Евгеньевич  |4 340 
702 1 |a Медовар  |b Б. И.  |g Борис Израилевич  |4 340 
712 0 2 |a Академия наук Украинской ССР (АН УССР)  |b Институт электросварки им. Е. О. Патона (ИЭС)  |c (Киев)  |2 stltpush  |3 (RuTPU)RU\TPU\col\13726 
801 1 |a RU  |b 63413507  |c 20091124 
801 2 |a RU  |b 63413507  |c 20140618  |g RCR 
942 |c BK